000 00468nam a2200193Ia 4500
003 OSt
005 20250125104910.0
008 231217s9999 xx 000 0 und d
020 _a9788188849154
040 _c0
041 _aEnglish
082 _a621.38143 GAN;42
100 _aGanesh Rao, D. Satish, Tunga.
245 0 _aSignals and systems
260 _c2005
_bSanguine Technical Pub.
_aBangalore
300 _a505
650 _aSignals
942 _cAA
_2ddc
999 _c197146
_d197146